| 000 | 00953nam a22003257a 4500 | ||
|---|---|---|---|
| 001 | BR7310177 | ||
| 003 | BR-BrBNA | ||
| 005 | 20230928084152.0 | ||
| 007 | ta | ||
| 008 | 230509b bl.||||| |||| 00| 0 por d | ||
| 040 |
_aBR-BrBNA _bpor _cBiblioteca Nacional de Agricultura |
||
| 041 | _a(Por) | ||
| 072 |
_aE70; L00 _b5212 _b/G514 |
||
| 090 | _ 5212 BR7310177 | ||
| 110 | 1 |
_aFrigorificos Minas Gerais S.A., Belo Horizonte (Brasil) _94765 |
|
| 245 | 1 | _aCusto e progressao de preco de gado bovino. Periodo 1961-1972 [Bos taurus; Estatistica comercial; Minas Gerais; Brasil] | |
| 260 | 3 |
_aBelo Horizonte, MG (Brasil): _c1973. |
|
| 300 | _a38 p. | ||
| 500 | _aNumerical data | ||
| 650 | _aComercializacao | ||
| 650 | _aProducao animal | ||
| 650 | _aBovino | ||
| 650 | _aAbate | ||
| 650 | _aCusto | ||
| 650 | _aEstatistica comercial | ||
| 650 | _aPreco | ||
| 650 | _aMinas Gerais | ||
| 909 |
_a202309 _bLucia _c55 _dLucia Elande |
||
| 942 | _cBK | ||
| 999 |
_c17255 _d17255 |
||